000 01163nam2a22002531 4500
001 rc\4928476
005 20250612204945.0
021 _aRU
_bРг 5889-63
035 _a(NLR Aleph) 008844761
090 _a8364403
_c8364403
100 _a20130426d1963 |||y0rusy50 ca
101 0 _arus
_atyv
102 _aRU
105 _ay z |||||
200 0 _a... № 1, 2
210 _d1963
_aБ. м.
215 _a57 с.
461 0 _1001rc\4928475
_12001#$aПротоколы... заседаний Президиума Верховного Совета Тувинской Автономной Советской Социалистической Республики$e№ 1-$v... № 1, 2
_98364399
_aТувинская АССР. Верховный Совет
_cКызыл
_d1963-
_nТувкнигоиздат
_o№ 1-
_tПротоколы... заседаний Президиума Верховного Совета Тувинской Автономной Советской Социалистической Республики
_v... № 1, 2
801 0 _aRU
_bNLR
_gpsbo
801 1 _aRU
_bELAR
_2rusmarc
852 _aNLR
_bОНЛ
942 _cBOOK
980 _aNB